| 000 | 00468nam a2200133 a 4500 | ||
|---|---|---|---|
| 001 | 000029523 | ||
| 005 | 20200930055618.0 | ||
| 008 | 110418s1965 dr 000 0 spa d | ||
| 040 |
_aDO-SdBNP _bspa _cBNPHU |
||
| 245 | 0 | 0 |
_aPacto colectivo de condiciones de trabajo : _bsuscritos entre el Sindicato Autonomo de los Trabajadores de la Editora del Caribe C. por A./. |
| 260 |
_aSanto Domingo : _b[Editora del Caribe ], _c1965. |
||
| 300 |
_a23 p. ; _c24 cm. |
||
| 049 | _aBNPD | ||
| 999 |
_c29015 _d29015 |
||